000 00981 a2200265 4500
001 53954
005 20260407155810.0
008 260407a1972 arg spa d
003 AR-UNSa-BCEJYS
040 _aAR-UNSa-BCEJYS
_bspa
_cAR-UNSa-BCEJYS
080 _a330.834
_xKeynes y el keynesianismo. Neokeynesianismo. Poskeynesianismo
245 1 0 _aCrítica de la economía clásica
250 _a3a. ed.
264 1 _aBarcelona :
_bAriel
_c1972
300 _a239 p.
_c18 cm.
505 _aI. El keynesianismo como revolución en el pensamiento económico clásico - II. El keynesianismo como continuación del pensamiento económico anterior - III. Keynes,hoy
041 _aspa
942 _cBK
590 _aniveau_biblio:m niveau_hierar:0
100 1 _aKeynes, John Maynard
700 1 _aFriedman, Milton
700 1 _aHansen, Alvin H.
700 1 _aSweezy, Paul M.
856 4 1 _uhttps://biblioeco.unsa.edu.ar/pmb/images/libros/L128490.jpg
_yImagen de portada
_qimage/jpeg
999 _c5299
_d5299